LIBRARY ONLINE CATALOGUE

Starke's International law (Record no. 18212)

MARC details
000 -LEADER
fixed length control field 00447nam a22001697a 4500
008 - FIXED-LENGTH DATA ELEMENTS--GENERAL INFORMATION
fixed length control field 200131b xxu||||| |||| 00| 0 eng d
020 ## - INTERNATIONAL STANDARD BOOK NUMBER
International Standard Book Number 0198702658
040 ## - CATALOGING SOURCE
Original cataloging agency KABU
Transcribing agency KABU
050 ## - LIBRARY OF CONGRESS CALL NUMBER
Classification number JX3295
Item number .S54 1994 c. 1
100 ## - MAIN ENTRY--PERSONAL NAME
Personal name Shearer, I A
245 ## - TITLE STATEMENT
Title Starke's International law
Statement of responsibility, etc. I A Shearer
250 ## - EDITION STATEMENT
Edition statement 11th ed.
260 ## - PUBLICATION, DISTRIBUTION, ETC. (IMPRINT)
Place of publication, distribution, etc. Oxford
Name of publisher, distributor, etc. OUP
Date of publication, distribution, etc. 1994
300 ## - PHYSICAL DESCRIPTION
Extent xxx, 629 p.
650 ## - SUBJECT ADDED ENTRY--TOPICAL TERM
Topical term or geographic name as entry element International law
942 ## - ADDED ENTRY ELEMENTS (KOHA)
Source of classification or shelving scheme Library of Congress Classification
Koha item type General Collection
Classification part JX3295
Holdings
Withdrawn status Lost status Source of classification or shelving scheme Not for loan Home library Current library Date acquired Cost, normal purchase price Total Checkouts Full call number Barcode Date last seen Copy number Price effective from Koha item type Date last checked out
    Library of Congress Classification   Kabarak, Main Campus Kabarak, Main Campus 31/01/2020 8217.00   JX3295 .S54 1994 c. 1 028363 31/01/2020 c. 1 31/01/2020 General Collection  
    Library of Congress Classification   Kabarak, Main Campus Kabarak, Main Campus 31/01/2020 8217.00   JX3295 .S54 1994 c. 2 028364 31/01/2020 c. 2 31/01/2020 General Collection  
    Library of Congress Classification   Kabarak, Main Campus Kabarak, Main Campus 31/01/2020 8217.00   JX3295 .S54 1994 c. 3 028365 31/01/2020 c. 3 31/01/2020 General Collection  
    Library of Congress Classification   Kabarak, Main Campus Kabarak, Main Campus 31/01/2020 8217.00 1 JX3295 .S54 1994 c. 4 028366 01/03/2023 c. 4 31/01/2020 General Collection 28/02/2023
    Library of Congress Classification   Kabarak, Main Campus Kabarak, Main Campus 31/01/2020 8217.00   JX3295 .S54 1994 c. 5 028367 31/01/2020 c. 5 31/01/2020 General Collection